Normal view MARC view

Entry Personal Name

Number of records used in: 2

001 - CONTROL NUMBER

  • control field: 85249

003 - CONTROL NUMBER IDENTIFIER

  • control field: dpl

005 - DATE AND TIME OF LATEST TRANSACTION

  • control field: 20250929110741.0

008 - FIXED-LENGTH DATA ELEMENTS

  • fixed length control field: 250929|| aca||aabn | a|a d

040 ## - CATALOGING SOURCE

  • Original cataloging agency: dpl
  • Transcribing agency: dpl

100 ## - HEADING--PERSONAL NAME

  • Personal name: Tripathi, Vivek

670 ## - SOURCE DATA FOUND

  • Source citation: Work cat.: (dpl)213486: Srikant Singh 85248, Toppers Vocabulary (English-Hindi) : , 2025

© Delhi Public Library
Hit Counter
free hit counter